000
00321nam a22001457a 4500
008
240318b ||||| |||| 00| 0 eng d
020
_a
78121086
041
_a
eng
080
_2
1970
_a
101
082
_a
101TOU
100
_a
44
101
_a
FILOZOFI
245
_a
PHYSICAL REALITY
_c
STEPHEN TOULMIN
942
_2
udc
_c
BK
999
_c
60605
_d
60605